Responses for Show #6156 - Monday, May 23, 2011

Contestants

[<< previous game]

Joseph Tambornino, a business administration teacher from Lafayette, California

Cindy Clark, a mom from Calgary, Alberta

Matt Neville, a deli clerk from Hamden, Connecticut (whose 2-day cash winnings total $41,200)

[next game >>]

Jeopardy! Round responses

"C" WORLD
THEIR GREATEST HITS
A CANDY-GORY
CELEBRITIES' FAVORITE BOOKS
CLASSIC MONOPOLY TOKENS
SPELL IT RIGHT
    $200 1
Chattanooga

Matt
    $200 17
Queen

Matt
    $200 6
Reese's

Joseph
    $200 11
The Great Gatsby

Matt
    $200 15
a thimble

Matt
    $200 26
P-H-A-R-A-O-H

Joseph
    $400 2
Costa Rica

Matt
    $400 18
Guns N' Roses

Matt
    $400 7
Kit Kat

Joseph
    $400 12
Atlas Shrugged

Cindy
    $400 22
a top hat

Matt
    $400 27
I-N-G-E-N-U-E

Joseph
    $600 3
Canterbury

Matt
    $600 19
Earth, Wind & Fire

Cindy
    $600 8
Kisses

Matt
    $600 13
(Cindy: What is For Whom the Bell Tolls?)

The Sun Also Rises

CindyJoseph
    $600 23
the shoe

Cindy
    $600 28
C-Y-P-H-E-R

Joseph
    $800 4
Cyprus

Joseph
    $800 20
Blink-182

Matt
    $800 9
(Joseph: What are Gummy Bears?)
(Cindy: What are wine gums?)

Starburst

CindyJoseph
Triple Stumper
    $800 14
Edith Wharton

Cindy
    $1,000 24
the battleship

Cindy
    $800 29
R-E-Q-U-I-E-M

Joseph
    $1000 5
(Cindy: What is Crete?)

Crimea (Crimean Peninsula)

CindyJoseph
    $1000 21
the Foo Fighters

Matt
    $1000 10
Zagnut

Joseph
    $1000 16
Marcus Aurelius

Matt
    $1000 25
a racecar

Matt
    $1000 30
(Joseph: What is R-E-N-D-E-S-V-O-U-S?)
(Matt: What is R-O-N-D-E-S-V-O-U-S?)
[Cindy pronounces "Z" as "zed" when giving her response.]

R-E-N-D-E-Z-V-O-U-S

MattCindyJoseph

Scores at the first commercial break (after clue 15):

Matt Cindy Joseph
$2,200 -$1,200 $3,200

Scores at the end of the Jeopardy! Round:

Matt Cindy Joseph
$6,000 $2,000 $4,200

Double Jeopardy! Round responses

THE NEW YORK PUBLIC LIBRARY
SATURDAY NIGHT LIVE RECURRING ROLES
MOTHER JONES SAID
CRAZY EIGHTS
THE KING'S SPEECH
THE QUEEN'S ENGLISH
    $400 26
LaGuardia

Matt
    $400 11
Dan Aykroyd

Matt
    $400 21
the living

Matt
    $400 16
black

Cindy
    $400 4
Sweden

Matt
    $400 1
a bath

Cindy
    $800 27
A.A. Milne

Cindy
    $800 12
Chris Farley

Matt
    $800 22
(Joseph: What is a funds raiser?)

a hellraiser

CindyJoseph
    $800 17
Hanukkah

Joseph
    $800 5
Juan Carlos

Cindy
    $800 2
a cowboy

Triple Stumper
    $1200 28
Keats

Joseph
    $1200 13
Fred Armisen

Triple Stumper
    $1200 23
read

Triple Stumper
    $1200 18
a V-8

Cindy
    $1200 6
Louis XVI

Cindy
    $1200 3
a comforter

Matt
    $1600 29
(Joseph: Here are dragons)

here be dragons

Joseph
Triple Stumper
    $1600 14
Chris Kattan

Triple Stumper
    $3,000 24
the Constitution

Cindy
    $1600 19
center field

Joseph
    $1600 7
Nicholas II

Cindy
    $1600 9
a biscuit

Matt
    $500 30
Lewis Carroll

Joseph
    $2000 15
(Cindy: Ummm...)

Garrett Morris

Cindy
Triple Stumper
    $2000 25
a senator

Matt
    $2000 20
(Joseph: Who is John Quincy Adams?)

(Martin) van Buren

MattJoseph
    $2000 8
Hirohito

Matt
    $2000 10
(Joseph: What is a physicist?)

a chemist

MattJoseph

Scores at the end of the Double Jeopardy! Round:

Matt Cindy Joseph
$19,200 $10,200 $1,900

[wagering suggestions for these scores]

Final Jeopardy! Round responses

MEDICINE
JosephWhat is the Hippocratic Oath
$900
CindyWhat is Hypocratic Oath
$6,000
MattWhat is the Hippocratic Oath?
$5,000
the Hippocratic Oath

Final scores:

Matt Cindy Joseph
$24,200 $16,200 $2,800
3-day champion: $65,400 2nd place: $2,000 3rd place: $1,000

Game dynamics:

Coryat scores:

Matt Cindy Joseph
$19,200 $8,600 $3,400
24 R,
1 W
15 R
(including 2 DDs),
4 W
14 R
(including 1 DD),
6 W

Combined Coryat: $31,200

[game clues] [game scores] [suggest correction]

Game tape date: 2011-02-08
The J! Archive is created by fans, for fans. Scraping, republication, monetization, and malicious use prohibited; this site may use cookies and collect identifying information. See terms. The Jeopardy! game show and all elements thereof, including but not limited to copyright and trademark thereto, are the property of Jeopardy Productions, Inc. and are protected under law. This website is not affiliated with, sponsored by, or operated by Jeopardy Productions, Inc. Join the discussion at JBoard.tv.